Nouveau Roman: hier, aujourd´hui

Guardado en:
Bibliografiske detaljer
Hovedforfatter: Butor, Michel (et. al.)
Format: Bog
Sprog:Undetermined
Udgivet: París, Francia Unión Genérale d´ Editions 1972
Fag:
Tags: Tilføj Tag
Ingen Tags, Vær først til at tagge denne postø!

MARC

LEADER 00000nam a2200000Ia 4500
008 170316s9999 xx 000 0 und d
090 |a 801 B-39n 
100 |a Butor, Michel (et. al.) 
245 |a Nouveau Roman: hier, aujourd´hui 
260 |a París, Francia 
260 |b Unión Genérale d´ Editions 
260 |c 1972 
300 |a 440 páginas N° 2, practiques 
650 |a TEORÍA LITERARIA 
650 |a LITERTURA FRANCESA 
650 |a NOVELA 
650 |a TEORÍAS 
650 |a CRÍTICO 
999 |c 20108  |d 20108 
040 |a cru BVZT 
942 |c 15 D  |h 801 B-39n  |2 z